Esbozos novelescos / (Record no. 152347)

MARC details
000 -LEADER
campo de control de longitud fija 00661nam a2200181 i 4500
001 - NÚMERO DE CONTROL
campo de control 152347
003 - IDENTIFICADOR DE NÚMERO DE CONTROL
campo de control ES-MaACL
005 - FECHA Y HORA DE LA ÚLTIMA TRANSACCIÓN
campo de control 20230906204642.0
008 - DATOS DE LONGITUD FIJA--INFORMACIÓN GENERAL
campo de control de longitud fija 931025s1894 fr |||| | spa d
080 ## - NÚMERO DE LA CLASIFICACIÓN DECIMAL UNIVERSAL
Número de la Clasificación Decimal Universal 821.134.2(729.5)-32"18"
100 1# - ENTRADA PRINCIPAL--NOMBRE DE PERSONA
Nombre de persona Bonafoux, Luis.
9 (RLIN) 30066
245 10 - MENCIÓN DEL TÍTULO
Título Esbozos novelescos /
Mención de responsabilidad, etc. Luis Bonafoux ; prólogo de Eduardo Benot.
260 ## - PUBLICACIÓN, DISTRIBUCIÓN, ETC.
Lugar de publicación, distribución, etc. París :
Nombre del editor, distribuidor, etc. Garnier Hermanos,
Fecha de publicación, distribución, etc. 1894.
300 ## - DESCRIPCIÓN FÍSICA
Extensión XVI, 408 p. ;
Dimensiones 18 cm.
700 0# - ENTRADA AGREGADA--NOMBRE PERSONAL
Nombre de persona Benot, Eduardo.
9 (RLIN) 27763
852 ## - LOCALIZACIÓN
Ubicación ES-MaACL
Número de control de estantería D-3106
Nota libre -- Enc. tela
856 ## - LOCALIZACIÓN Y ACCESO ELECTRÓNICOS
Identificador Uniforme de Recursos <a href="http://bibliotecadigitalhispanica.bne.es:80/webclient/DeliveryManager?pid=2688974&custom_att_2=simple_viewer">http://bibliotecadigitalhispanica.bne.es:80/webclient/DeliveryManager?pid=2688974&custom_att_2=simple_viewer</a>
Nota pública Ir a la página
Holdings
Estatus retirado Estado de pérdida Estado de daño No para préstamo Colección Biblioteca de origen Biblioteca actual Ubicación en estantería Fecha de adquisición Fuente de adquisición Total de préstamos Signatura topográfica completa Código de barras Visto por última vez Precio de reemplazo Tipo de ítem Koha
        Colección digital Biblioteca del Ateneo de Madrid Biblioteca del Ateneo de Madrid Sala Valle Inclán 17/01/2008     D-3106 901159067 23/02/2023 23/02/2023 Libro impreso antiguo